01409 a2200217 450000500170000000800410001704000500005804100080010810000240011624500170014026000610015730000200021850802910023852003540052954600950088365000220097865000220100065000410102270000200106385601080108320151023143743.0151023m20142015xxu||||gs|||| 00| 0 eng d aCO-BoUCMcSandra PalaciodSandra Palaciobspa0 aeng1 aNolan, Christopher 1 aInterestelar c2014bWarner BrosaHollywood (Los Ángeles, California) a1 DVD (168 min) aDirigido por Christopher Nolan; producido por Christopher Nolan; Jonathan Nolan; Emma Thomas; escrito por Jonathan Nolan y Christopher Nolan; productores ejecutivos Jordan Goldberg, Jake Myers, Kip Thorne y Thoms Tull, director de fotografía Hoytema Van Hoytema; editado por Lee Smith aEn un futuro cercano, la Tierra ha sido devastada por la sequía y la hambruna. La humanidad lucha por sobrevivir, cuando un misterioso agujero de gusano se abre en un punto del sistema solar. Entonces un grupo de exploradores se aventura en un viaje interestelar en búsqueda de un planeta que pueda albergar vida. Tomado de: http://www.imdb.com/ aAudio en Inglés, Francés y Español. Subtítulos en Inglés, Francés y Español  7aAmbiente espacial 7aEspacio exterior  7aPelículas cinematográficasvDVD  aNolan, Jonathan uhttps://www.youtube.com/watch?v=zSWdZVtXT7EzTrailer tomado del canal Warner Bros. UK vía YouTube.com